000 00882nam a2200289 i 4500
001 2444379
003 ARRUPE
005 20160503112138.0
008 790518s1957 enka b 001 0 eng d
015 _aGB57-15522
035 _a(OCoLC)ocm04979152
040 _aTXU
_cTXU
_dUKM
_dZCU
050 _aPN2061.M531
082 0 4 _a792
_218
099 _a808.2
_aM49
100 1 _aMelvill, Harald.
_923691
245 1 2 _aA complete guide to amateur dramatics /
_cby Harald Melvill ; foreword by Christopher Fry.
260 _aLondon :
_bSalisbury Square,
_cc1957.
300 _axvi, 310 p., [12] leaves of plates :
_bill. ;
_c23 cm.
500 _aIncludes index.
504 _aBibliography: p. 303-304.
650 0 _aAmateur theatricals.
_923692
650 0 _aActing.
_923241
650 0 _aTheaters
_xStage-setting and scenery.
_923693
942 _2lcc
_cMONOGRAPH
999 _c124571
_d124571